Trouvez le nom de ces pierres précieuses - Statistiques

Statistiques générales
  • Ce quiz a été pris 160 fois
  • Le résultat moyen est 9 sur 16
Statistiques - réponses
Par images Réponse % Correct
Diamant
95%
Émeraude
92%
Rubis
91%
Saphir
85%
Améthyste
83%
Opale
59%
Jade
57%
Turquoise
49%
Quartz rose
45%
Topaze
44%
Onyx
33%
Aigue-marine
31%
Citrine
30%
Tourmaline
29%
Pierre de lune
25%
Cornaline
14%
Aucun quiz correspondant
Distribution des résultats
% des personnes avec chaque résultat
Percentile par nombre de réponses
Votre historique - résultats
Vous n’avez pas pris ce quiz